000 01099nas a2200289 4500
001 BR2012005987
003 BR-BrBNA
005 20231205121009.0
007 ta
008 230509b bl.|||p| |||| 00| 00por d
040 _aBR-BrBNA
_bpor
_cBiblioteca Nacional de Agricultura
041 _a(En)
072 _aL72
100 1 _aCicchino, A.C.
100 1 _aGonzález-Acuña, D.A.
245 1 _aA new species of Aquanirmus Clay Meinertzhagen (Phthiraptera: Philopteridae)parasitic on the great Grebe, Podiceps major (Aves: Podicipedidae), in Argentina and Chile
246 1 _aA new species of Aquanirmus Clay Meinertzhagen (Phthiraptera: Philopteridae)parasitic on the great Grebe, Podiceps major (Aves: Podicipedidae), in Argentina and Chile
650 _aPARASITO DE ANIMAL
650 _aPIOLHO
650 _aAVE AQUÁTICA
650 _aTAXONOMIA
650 _aREGISTRO
650 _aESPÉCIE
773 0 _tNeotropical Entomology (Brazil)
_xISSN 1519-566X
_g(May-Jun 2009), v. 38(3) p. 384-388
_wBR2012005987
909 _a202311
_bLúcia
_c55
_dLúcia Elande
942 _2AGRIS
_n0
_cANA
999 _c221384
_d221384